00627nam a2200193 a 450000100100000000500170001000800410002704000130006808200200008110000380010124500550013926000640019430000270025849000180028550000700030365000200037365000220039383000180041500000992120200929161749.0091002s2002 dr a 001 p spa d aDO-SdBNP aCu861.44bC656a1 aCobián Figeroux, Ricardod1952-10aAnatomía del deseo /cRicardo Cobián Figeroux. aSanto Domingo,aSan Juan, Puerto Rico :bIsla Negra,c2002. a145 p. :bil ;c22 cm.1 aFilo de juego aIncluye datos biográficos del autor en la solapa de la cubierta 4aPoesía cubana 4aLiteratura cubana 0aFilo de juego